000 00541nam a2200169Ia 4500
008 140529s9999 xx 000 0 und d
020 _a9789710445356
050 _aTX 911.3.M27
_b.V712 2010
100 _aVillanueva, Benita V.
245 _aRestaurant and cafeteria management service/
_cBenita V. Villanueva
260 _aManila, Philippines :
_bMindshapers,
_cc2010.
300 _a228 p. :
_bill. ;
_c23 cm.
500 _aIncludes bibliographical references and glossary.
521 _aBSBA
942 _kLOC
_cBK
999 _c117548
_d117548